| 000 | 00649cam a2200181 i 4500 | ||
|---|---|---|---|
| 005 | 20260121105939.0 | ||
| 008 | 250721s2008 jo gr 000 0 ara d | ||
| 082 | 1 | 4 |
_a341.48 _bح م و |
| 100 | 1 |
_aحموده، عطية _eمؤلف. |
|
| 245 | 1 | 2 |
_aالوجيز في حقوق الإنسان / _cد. عطية حمودة. |
| 250 | _aالطبعة الاولى. | ||
| 264 | 3 | 1 |
_aعمان : _bدار يافا العلمية للنشر و التوزيع، _c2008. |
| 300 | _a266 صفحة. | ||
| 650 | 1 | 7 | _aحقوق الانسان. |
| 650 | 1 | 7 | _aالحقوق المدنيه و السياسيه. |
| 942 |
_2ddc _cBK |
||
| 999 |
_c112785 _d112785 |
||